header

Annual review of gerontology & geriatrics. (Record no. 24818)

MARC details
000 -LEADER
fixed length control field 01359nam a2200325Ia 4500
245 00 - TITLE STATEMENT
Title Annual review of gerontology & geriatrics.
260 ## - PUBLICATION, DISTRIBUTION, ETC. (IMPRINT)
Place of publication New York :
Name of publisher Springer,
Year of publication 2005, c2006.
300 ## - PHYSICAL DESCRIPTION
Number of Pages xxix, 242 p. :
Other physical details ill.
490 0# - SERIES STATEMENT
Series statement Annual review of gerontology & geriatrics ;
650 #0 - SUBJECT ADDED ENTRY--TOPICAL TERM
Topical Term Geriatrics.
Topical Term Gerontology.
700 1# - ADDED ENTRY--PERSONAL NAME
Personal name Miles, Toni P.
Personal name Furino, Antonio.
856 40 - ELECTRONIC LOCATION AND ACCESS
Uniform Resource Identifier http://site.ebrary.com/lib/rucke/Doc?id=10265476

No items available.

© 2026 Rongo University
Contact us: librarian | system librarian | Rongo university